00601 a2200169 4500003000500000005001700005040000900022082001300031100002900044245006800073260003200141300001700173505018600190538002900376650001400405651001200419Nust20170207153219.0 cNust a621.382. aMoin, Shahzad (MSEE-11) aCooperative diversity in wireless sensor networkscShahzad Moin bMCS, NUSTc2008aRawalpindi axii, 63, p.; aIntroduction (page-1) Literature review (page-5) Cooperative system architecture (page-19) Implementation and approach (page-30) Results and analysis (page-40) Conclusion (page-49). aAlmirah No 69 Shelf No 2 aMS Thesis aMSEE-11